000
00400nam a22001697a 4500
003
MPLRDC
005
20220104123256.0
008
210129b ||||| |||| 00| 0 eng d
082
_a
802.791 WX
100
_a
维新书局编辑部
245
_a
应用文
_c
250
_a
二版
260
_a
_b
维新书局
_c
1970
300
_b
平
650
_a
华语作文--应用文
942
_c
BK
_o
802.791 WX
999
_c
9988
_d
9978